header

The early violin and viola (Record no. 6653)

MARC details
000 -LEADER
fixed length control field 01685nam a22003854a 4500
001 - CONTROL NUMBER
control field ebr5006352
003 - CONTROL NUMBER IDENTIFIER
control field CaPaEBR
006 - FIXED-LENGTH DATA ELEMENTS--ADDITIONAL MATERIAL CHARACTERISTICS--GENERAL INFORMATION
fixed length control field m u
007 - PHYSICAL DESCRIPTION FIXED FIELD--GENERAL INFORMATION
fixed length control field cr cn|||||||||
008 - FIXED-LENGTH DATA ELEMENTS--GENERAL INFORMATION
fixed length control field 001106s2001 enka sb 001 0 eng
010 ## - LIBRARY OF CONGRESS CONTROL NUMBER
Canceled/invalid LC control number 00065086
020 ## - INTERNATIONAL STANDARD BOOK NUMBER
Cancelled/invalid ISBN 0521623804 (hardback)
Cancelled/invalid ISBN 0521625556 (pbk.)
040 ## - CATALOGING SOURCE
Original cataloging agency CaPaEBR
Transcribing agency CaPaEBR
035 ## - SYSTEM CONTROL NUMBER
System control number (OCoLC)51283885
050 14 - LIBRARY OF CONGRESS CALL NUMBER
Classification number ML855
Item number .S79 2001eb
082 04 - DEWEY DECIMAL CLASSIFICATION NUMBER
Classification number 787.2/143/09033
Edition number 21
100 1# - MAIN ENTRY--PERSONAL NAME
Personal name Stowell, Robin.
245 14 - TITLE STATEMENT
Title The early violin and viola
Medium [electronic resource] :
Remainder of title a practical guide /
Statement of responsibility, etc Robin Stowell.
260 ## - PUBLICATION, DISTRIBUTION, ETC. (IMPRINT)
Place of publication, distribution, etc Cambridge ;
-- New York :
Name of publisher, distributor, etc Cambridge University Press,
Date of publication, distribution, etc 2001.
300 ## - PHYSICAL DESCRIPTION
Extent xv, 234 p. :
Other physical details ill.
490 1# - SERIES STATEMENT
Series statement Cambridge handbooks to the historical performance of music
504 ## - BIBLIOGRAPHY, ETC. NOTE
Bibliography, etc Includes bibliographical references (p. 213-223) and index.
533 ## - REPRODUCTION NOTE
Type of reproduction Electronic reproduction.
Place of reproduction Palo Alto, Calif. :
Agency responsible for reproduction ebrary,
Date of reproduction 2013.
Note about reproduction Available via World Wide Web.
-- Access may be limited to ebrary affiliated libraries.
650 #0 - SUBJECT ADDED ENTRY--TOPICAL TERM
Topical term or geographic name as entry element Violin
General subdivision Performance.
Topical term or geographic name as entry element Viola
General subdivision Performance.
Topical term or geographic name as entry element Instrumental music
Chronological subdivision 18th century
General subdivision Interpretation (Phrasing, dynamics, etc.)
Topical term or geographic name as entry element Instrumental music
Chronological subdivision 19th century
General subdivision Interpretation (Phrasing, dynamics, etc.)
Topical term or geographic name as entry element Performance practice (Music)
General subdivision History
Chronological subdivision 18th century.
Topical term or geographic name as entry element Performance practice (Music)
General subdivision History
Chronological subdivision 19th century.
655 #7 - INDEX TERM--GENRE/FORM
Genre/form data or focus term Electronic books.
Source of term local
710 2# - ADDED ENTRY--CORPORATE NAME
Corporate name or jurisdiction name as entry element ebrary, Inc.
830 #0 - SERIES ADDED ENTRY--UNIFORM TITLE
Uniform title Cambridge handbooks to the historical performance of music.
856 40 - ELECTRONIC LOCATION AND ACCESS
Uniform Resource Identifier <a href="http://site.ebrary.com/lib/rucke/Doc?id=5006352">http://site.ebrary.com/lib/rucke/Doc?id=5006352</a>
Public note An electronic book accessible through the World Wide Web; click to view

No items available.

© 2026 Rongo University
Contact us: librarian | system librarian | Rongo university